| 000 | 01359nam0a2200289 4500 | ||
|---|---|---|---|
| 001 | RU\NLR\ONL2\26323 | ||
| 005 | 20260409002902.0 | ||
| 035 | _a(NLR Aleph) 010213278 | ||
| 090 |
_a13649476 _c13649476 |
||
| 100 | _a20130523d1956 u y0rusy50 ca | ||
| 101 | 0 | _aaze | |
| 102 | _aAZ | ||
| 105 | _ay ||||||||| | ||
| 200 | 9 |
_aҜәнҹләрин коммунист тәрбиjәсинә даир нә охумалы _eгыса әдәбиjjат көстәричиси _fМ. Ф. Ахундов ад. Азәрб. Респ. Үмуми китабханасы. Мә'лумат-библиографиjа шө'бәси _g[сост. Ш. М. Әфәндиjева Ш.М.] |
|
| 210 |
_aБакы _cМ. Ф. Ахундов ад. Азәрб. Респ. Үмуми китабханасы _d1956 |
||
| 215 |
_a16 с. _d20 |
||
| 541 | 1 |
_aЧто читать молодежи о коммунистическом воспитании _eуказ. литературы _zrus |
|
| 606 | 1 |
_aКоммунистическое воспитание _jБиблиография _91282969 _3RU\NLR\AUTH\66211625 |
|
| 702 | 1 |
_aӘфәндиjева _bШ. М. _4220 |
|
| 801 | 0 |
_aRU _bNLR _c20130523 _gPSBO |
|
| 852 | _aNLR | ||
| 852 |
_aNLR _bОНЛ _jАзерб./2-7927 |
||
| 942 | _cBOOK | ||
| 980 | _aONL_RF | ||
| 980 | _aNB | ||